Composite Science-VII (Record no. 3282)

MARC details
000 -LEADER
fixed length control field 00226nam a22000857a 4500
008 - FIXED-LENGTH DATA ELEMENTS--GENERAL INFORMATION
fixed length control field 160917b xxu||||| |||| 00| 0 eng d
100 ## - MAIN ENTRY--PERSONAL NAME
9 (RLIN) 623
Personal name Purang Y.P
245 ## - TITLE STATEMENT
Title Composite Science-VII
260 ## - PUBLICATION, DISTRIBUTION, ETC. (IMPRINT)
Place of publication, distribution, etc. New Delhi
Name of publisher, distributor, etc. Arya publication
Date of publication, distribution, etc. 2007
Holdings
Withdrawn status Lost status Source of classification or shelving scheme Damaged status Koha normalized classification for sorting Not for loan Home library Current library Shelving location Date acquired Total Checkouts Full call number Barcode Date last seen Date last checked out Price effective from Koha item type
    Dewey Decimal Classification   500_000000000000000   Good Samaritan School Library Good Samaritan School Library Science 09/17/2016 3 500 PUR5893 02/03/2017 02/02/2017 09/17/2016 BOOK

Powered by Koha